Kvalita ako dôležitý marketingový aspekt v činnosti poisťovne
Hlavná úloha marketingu je vytvoriť pre firemný produkt na trhu výhodnú trhovú pozíciu prostredníctvom špecifických marketingových nástrojov. Poistenie ako produkt poisťovne. Cena poistných produktov. Výpočet poistného. Distribúcia poistných produktov viaccestným marketingom. Využívanie priameho mar...
Guardado en:
| Autor principal: | |
|---|---|
| Formato: | Capítulo de libro |
| Lenguaje: | eslovaco |
| Materias: | |
| Etiquetas: |
Sin Etiquetas, Sea el primero en etiquetar este registro!
|
MARC
| LEADER | 00000naa a2200000 4500 | ||
|---|---|---|---|
| 001 | r037565 | ||
| 005 | 20230425123600.8 | ||
| 041 | 0 | |a slo | |
| 044 | |a SK | ||
| 245 | 1 | 0 | |a Kvalita ako dôležitý marketingový aspekt v činnosti poisťovne |c Anton Korauš |
| 520 | |a Hlavná úloha marketingu je vytvoriť pre firemný produkt na trhu výhodnú trhovú pozíciu prostredníctvom špecifických marketingových nástrojov. Poistenie ako produkt poisťovne. Cena poistných produktov. Výpočet poistného. Distribúcia poistných produktov viaccestným marketingom. Využívanie priameho marketingu v poisťovníctve. Ciele propagačnej činnosti prostredníctvom jej nástrojov. | ||
| 610 | 2 | 0 | |a poisťovne |
| 610 | 2 | 0 | |a poisťovne komerčné |
| 610 | 2 | 0 | |a poistenie |
| 610 | 2 | 0 | |a produkty |
| 610 | 2 | 0 | |a služby |
| 610 | 2 | 0 | |a marketing |
| 610 | 2 | 0 | |a marketing interaktívny |
| 610 | 2 | 0 | |a poistné |
| 610 | 2 | 0 | |a propagácia |
| 610 | 2 | 0 | |a podpora predaja |
| 610 | 2 | 0 | |a prieskum trhu |
| 100 | 1 | |a Korauš, Antonín | |